Tarjumanul Quran (Record no. 2529)

MARC details
000 -LEADER
fixed length control field 00687nam a2200253 a 4500
020 ## - INTERNATIONAL STANDARD BOOK NUMBER
ISBN
082 00 - DEWEY DECIMAL CLASSIFICATION NUMBER
Classification number 297.1227
Author Cutter AHM1
100 ## - MAIN ENTRY--AUTHOR NAME
Author name Ahmed, Abul Kalam (azad)
245 ## - TITLE STATEMENT
Title Tarjumanul Quran
260 ## - PUBLICATION, DISTRIBUTION, ETC. (IMPRINT)
Place of publication Delhi
Name of publisher Office of Tarjuman-E-Quran
Year of publication 1931
500 ## - GENERAL NOTE
General note includes index and biblioraphy
505 2# - FORMATTED CONTENTS NOTE
Formatted contents note 3 vols. bound together
505 2# - FORMATTED CONTENTS NOTE
Formatted contents note 3 vols. bound together00
650 ## - SUBJECT ADDED ENTRY--TOPICAL TERM
Topical Term Quran-Hermeneutics
650 ## - SUBJECT ADDED ENTRY--TOPICAL TERM
Topical Term Abul Kalam Azad
942 ## - ADDED ENTRY ELEMENTS (KOHA)
Koha item type Books
700 1# -
-- Ahmed, Abul Kalam (azad)
Holdings
Collection code Home library Current library Shelving location Date acquired Cost, normal purchase price Full call number Accession Number Koha item type
Reference Henry Martyn Institute Library Henry Martyn Institute Library Reference 09/04/2018 100.00 297.1227 AHM1 4734 Archive Book
Reference Henry Martyn Institute Library Henry Martyn Institute Library Reference 09/04/2018 100.00 297.1227 AHM1 4735 Archive Book
                   Copyright © 2026 | Henry Martyn Institute | Hyderabad | TS-500052 | INDIA | Implemented by hmi.edu.in
Hit-Count:

Powered by Koha